000 00364nam a2200133Ia 4500
008 191201s2004 xx 000 0 und d
082 _a005.133
_bJAS
100 _aJAWADKAR, Waman S
245 0 _aSoftware Engineering Principles and Practice
260 _aN.Delhi
_bTata Mc Graw Hill Pub. co. Ltd
_c2004
300 _a844
650 _aB.Tech(CSE)
942 _2ddc
_cBK
999 _c1093
_d1093